Odgadnij piosenki Zeamsone po wersach #6 - Statystyki

Ogólne statystyki
  • Ten quiz został rozwiązany 6 razy
  • Średni wynik to 6 z 20
Statystyki odpowiedzi
Wersy Piosenka % Poprawnych
Przyszło mi tam dorastać - dziś je omijać chcę Uzależniony od metropolii, znieczulicy, niemówienia "cześć" Polityka Dzielnicy
100%
Płatności za palenie nie bez powodu przez PayPal Moralny komplement, może wyjdziesz poza ekran MAYBACH
75%
I mogę zostawić, to wszystko co pojebane, co mnie rani Pojechać na rancho, zostawić te mapy na bani wyznawcom trochę innej wiary RANCHO
75%
Wczoraj tańczyłem, a dzisiaj nie będę, jutro zobaczę, czy będę miał czas, aha Nie mam ochoty na kolejny bal HIGH RIGHT NOW
50%
Mam zęby, bo nie chodzę nocami po ulicach Mam lęki, przez które jestem bardziej ostrożny Ostatnia Prosta
50%
Żeby przynajmniej mi się ładnie kojarzyło Dobrze wspominam dzieciństwo, choć nie zawsze było miło - słuchaj Samotność
50%
Obie strony wyrobione bo nigdy nie było między nimi wojny Bądź spokojny nawet jak widzisz bomby, chłopcy chcieli zabrać nam wszystko Kurtki Bomberki
25%
Jadę na wolno, nie liczę na crash test, nie liczę na crash test Żyje jak lubię, nie muszę, bo nie będę wbrew sobie niczego brał Moi Ziomale
25%
Ty na co dzień czujesz ból, ja nie czuję nicNa ulicach czują głód, ale nie wierzą w syf Nic za darmo
25%
Że to tak tylko wygląda w mojej głowie I kiedyś przecież było trochę gorzej nie chcę przestać się bawić
25%
Jak koleżanki i fanki Skurwysynu patrzysz się na mnie albo nie patrzysz Śnieg
25%
Mówię do niej, że ma ładne dżinsy Ładne dżinsy, ładne dżinsy Thrasher
25%
Lecz to wszystko jest moje, moje, moje Tak jak Jarema Moroza, o którego się boję Z Dawnych Krain
25%
Bo to nie będzie wspólne konto (Na wspólne konto) Jestem sam na świecie, czuję wolność (Szybko), jestem sam na świecie Znamy się na Tym
25%
Mój brat chodzi w NMD, suka łyka LSD Miałem sobie scene zjeść, a widzę to więzienie w śnie GRO55NIGHT
0%
Twój, twój pojebany popęd, może zrobić tobie katastrofę Ja nie myślę chujem, a mózgiem, nie myślę chujem, mam głowę Ona nie powie
0%
Dylematy, których nie rozwiąże książka (książka) Dylematy, których nie rozwiąże wojna, wojna Przepraszam
0%
Moi ludzie in da hood i tu będą Biorę dupy kiedy chłód i ta ciemność Trudny
0%
Nie wiem, jak mogłem, to wszystko przeoczyć Nie wierzę w dotyk, ale szczerze, to nie o tym ludzie mówią Wizja
0%
Szlamy na bani, blizny na dłoniach i pusty portfel Kiedy widziałem, wiedziałem że nie mam forsy na koncie Życie
0%
Nie znaleziono quizów pasujących do podanych kryteriów
Rozkład punktacji
Procent ludzi z każdym wynikiem
Percentyl według liczby udzielonych odpowiedzi
Twoja historia wyników
Nie rozwiązałeś tego quizu